|
|
|
|
| LEADER |
00000nab a22000007a 4500 |
| 001 |
vtls009291962 |
| 003 |
SK-MaSNL |
| 005 |
20260303222222.0 |
| 008 |
080505 2008 xo b| || | |00 0 slo| |
| 038 |
|
|
|a NZKAB
|
| 040 |
|
|
|a NZKAB
|b slo
|c NZKAB
|e AACR2
|
| 041 |
0 |
|
|a slo
|
| 044 |
|
|
|a xo
|c SK
|
| 080 |
|
|
|a 628.4.032
|2 1997
|
| 100 |
1 |
|
|a Markusková, Iveta,
|4 aut
|9 1102326
|
| 245 |
1 |
0 |
|a Zhodnotenie plnenia úloh v oblasti odpadového hospodárstva za rok 2007 s dopadom na rok 2008 a plán hlavných úloh na nastávajúce obdobie
|b výňatok zo správy predloženej na X. zasadanie OZ
|c Ing. Iveta Markusková
|
| 300 |
|
|
|b Fotogr.
|
| 648 |
|
7 |
|a 2008
|2 SNK
|9 317238
|
| 650 |
0 |
7 |
|a odpadové hospodárstvo
|2 SNKPH
|9 3603
|
| 650 |
0 |
7 |
|a odpad
|2 SNKPH
|9 14223
|
| 651 |
|
7 |
|a Palárikovo (Slovensko)
|2 SNKPHgeo
|9 66577
|
| 773 |
0 |
|
|t Naše noviny
|g Roč. X., č. 2 (2008), s. 5
|
| 852 |
|
|
|a NZKAB
|b KIS3GCP
|
| 958 |
|
|
|a RB
|
| 999 |
|
|
|c 2238913
|d 2240843
|